LIBRARY & INFORMATION CENTRE, KCAET, TAVANUR

ONLINE PUBLIC ACCESS CATALOGUE (OPAC)

Pathinanjum Pathinanjum / (Record no. 4887)

MARC details
000 -LEADER
fixed length control field 00356cam a2200145ua 4500
041 ## - LANGUAGE CODE
Language code of text/sound track or separate title mal
082 ## - DEWEY DECIMAL CLASSIFICATION NUMBER
Classification number 894.8121
Item number KUN/PA
100 ## - MAIN ENTRY--AUTHOR NAME
Personal name Kunjunni, .
245 ## - TITLE STATEMENT
Title Pathinanjum Pathinanjum /
260 ## - PUBLICATION, DISTRIBUTION, ETC. (IMPRINT)
Place of publication Kottayam :
Name of publisher National Book Stall ,
Year of publication 1963.
300 ## - PHYSICAL DESCRIPTION
Number of Pages 22 ; .
942 ## - ADDED ENTRY ELEMENTS (KOHA)
Koha item type Books
Holdings
Withdrawn status Lost status Damaged status Home library Current library Date acquired Full call number Accession Number Koha item type Public note Cost, normal purchase price
Withdrawn     Central Prison Tavanur KAUAET 07/04/2012 894.8121 9459 L Books Deleted  
Withdrawn     KAUAET KAUAET 15/11/2023 894.8121 KUN/PA 9460 Books   1.00
free website counter